000 01241nam a22003497a 4500
003 CHAP
005 20220329133831.0
008 971013s1986 r 00010 d
010 _a11551
011 _a12523
035 _a15709
040 _cCHAP
090 _aTesis
100 0 0 _aNavas Gómez, Gilberto Angel.
_980609
245 _aDesarrollo de las condiciones técnicas previas para la indagación de la transmisión de fuerza (momento de giro) entre tractor y máquina de trabajo
260 _aChapingo, Méx. :
_bEl autor,
_c1986
300 _a121 h.
_b: ilus.; gráfs.
500 _aD14-145
502 _aTesis (Ing. Agrónomo Esp. en Máquinaria Agrícola) -- UACH. Departamento de Maquinaria Agrícola
590 _aALEPH
_b10
_c20130110
_lUCH01
_h1229
590 _aBATCH-UPD
_b10
_c20130110
_lUCH01
_h1405
590 _aBATCH-UPD
_b10
_c20130410
_lUCH01
_h0854
590 _aBATCH-UPD
_b10
_c20130914
_lUCH01
_h1421
590 _aCONVERSION
_b10
_c20130109
_lUCH01
_h1308
650 1 4 _aFísica.
_941975
650 1 4 _aMaquinaria agrícola.
_971151
650 1 4 _aTractores.
_9114574
901 _aBK
942 _cFOLL
949 _bBC
_cTES
_d-27918
_eTS1
_h19314
_i15709
_si
949 _bBC
_cTES
_d-88291
_eTS2
_fc.2
_h19315
_i15709
_si
999 _c11551
_d11551